| 000 | 00693nam a2200229 a 4500 | ||
|---|---|---|---|
| 999 |
_c2212 _d2212 |
||
| 001 | 2212 | ||
| 003 | BD-JhCC | ||
| 005 | 20171030212441.0 | ||
| 008 | 171030s2001 bg |||| ||a| 000 0 ben d | ||
| 020 | _a9844016266 | ||
| 035 | _a(BD-JhCC)2212 | ||
| 040 |
_aBD-JhCC _dBD-JhCC |
||
| 041 | _aben | ||
| 082 |
_a909 _bHAN 2001 |
||
| 100 | _aহাননান, মুহাম্মদ | ||
| 245 |
_aশতাব্দীর বিশ্ব / _cমুহাম্মদ হাননান, সম্পাদিত |
||
| 260 |
_aঢাকা : _bআগামী প্রকাশনী, _c2001 |
||
| 300 |
_a415 p. : _c24 cm. |
||
| 650 | _aCivilization | ||
| 942 |
_2ddc _cBK |
||